000 02322nam a22002417a 4500
003 OSt
005 20250506143513.0
008 250506b ||||| |||| 00| 0 spa d
020 _a9788419030054
040 _cCO-Mq BPB
041 _aspa
082 _aJN
_bCLEm
100 _aCleese, W.M.
_eautor
245 _aLa Maldición de las Lagrimas
264 _aMadrid, España;
_bEdiciones Urano,
_c2022
300 _a350 páginas;
_bTapa rustica
_c23 cm
521 _aInvierno de 1913. Ursula Kelp, una joven jardinera inglesa, viaja a Buenos Aires para asumir el puesto de jardinera principal en una finca de La Pampa abandonada desde hace mucho tiempo. El dueño actual quiere volver a establecerse en la propiedad y devolver a los antaño famosos jardines su antigua gloria. Viajando a través de las vastas praderas de América del Sur, Ursula se encuentra con advertencias de los lugareños acerca de una maldición que acecha la finca y que busca desatar la tragedia sobre la familia fundadora de Las Lágrimas. Pronto, Ursula empieza a creer que la soledad le hace imaginarse cosas: el sonido de unos pasos al otro lado de la puerta de su habitación, el tacto fantasmal de unas manos sobre sus hombros... Y lo más extraño de todo: el sonido frenético de alguien talando árboles con un hacha en el bosque aledaño, cuando sabe que allí no hay nadie. A medida que los sucesos misteriosos se intensifican, con consecuencias trágicas, Ursula se pregunta si quizá hay algo de cierto en los rumores sobre la maldición de la finca. El regreso de la familia es inminente y cuanto más tiempo pasa Ursula en ese lugar, más claro tiene que ella también está en peligro de muerte. Porque acechando entre los árboles, vigilándola, esperándola, hay una fuerza maligna que quiere Las Lágrimas para sí. La maldición de Las Lágrimas es como si Du Maurier y Márquez se encontraran en un bar en Argentina para contarse historias de fantasmas. Y ganara Du Maurier. Un cuento gótico y fantasmagórico sobre venganza y la oscuridad que solo pueden conceder las maldiciones de verdad». Angela Slatter, autora galardonada de All the Murmuring Bones.
650 _aLiteratura juvenil
650 _aFicción histórica
650 _aCuento gótico
700 _aVogt, Francisco
_etraductor
942 _2ddc
_cBKLIT
999 _c15930
_d15930